[Event "Istanbul op"]
[Site "Istanbul"]
[Date "2022.08.13"]
[Round "7"]
[White "Metin, Enis"]
[Black "Lortkipanidze, Nodar"]
[Result "0-1"]
[WhiteElo "1868"]
[BlackElo "2414"]
[PlyCount "66"]
[EventDate "2022.08.08"]
[EventType "swiss"]
[EventRounds "9"]
[EventCountry "TUR"]
[SourceTitle "CBM 209 Extra"]
[Source "ChessBase"]
[SourceDate "2022.09.30"]
[SourceVersion "1"]
[SourceVersionDate "2022.09.30"]
[SourceQuality "1"]

1. e4 d5 2. exd5 Qxd5 3. Nc3 Qd8 4. Bc4 Nf6 5. Nf3 a6 6. Ne5 e6 7. 0-0 c5 8. Bb3 Bd6 9. d4 Qc7 10. Re1 0-0 11. Bg5 Ne8 12. Ne4 f6 13. Nxd6 Nxd6 14. dxc5 Qxc5 15. Be3 Qxe5 16. Ba7 Ne4 17. Bd4 Qf5 18. f3 Ng5 19. h4 Nf7 20. g4 Qf4 21. Kg2 Nc6 22. Bb6 Qb4 23. Bc7 Qe7 24. Bb6 Qb4 25. Bc7 b5 26. c3 Qe7 27. Bf4 Nce5 28. Bc2 Bb7 29. Qb1 Nxf3 30. Bxh7+ Kh8 31. Re4 f5 32. Bxf5 Nd2 33. Bxd2 exf5 0-1

[Event "Ankara Baskent Univ op-B 5th"]
[Site "Ankara"]
[Date "2022.07.03"]
[Round "3"]
[White "Metin, Enis"]
[Black "Ekici, Caner"]
[Result "1-0"]
[WhiteElo "1750"]
[BlackElo "1639"]
[PlyCount "59"]
[EventDate "2022.07.02"]
[EventType "swiss"]
[EventRounds "9"]
[EventCountry "TUR"]
[SourceTitle "EXT 2023"]
[Source "ChessBase"]
[SourceDate "2022.10.05"]
[SourceVersion "1"]
[SourceVersionDate "2022.10.05"]
[SourceQuality "1"]

1. f4 d5 2. Nf3 Nf6 3. e3 c5 4. b3 Nc6 5. Bb5 Bg4 6. 0-0 g6 7. Bb2 Bg7 8. d3 0-0 9. Bxc6 bxc6 10. Nbd2 Qb6 11. Qe1 Nd7 12. Bxg7 Kxg7 13. Qh4 Bxf3 14. Rxf3 Rae8 15. Rh3 h5 16. f5 Qb4 17. Qxb4 cxb4 18. a3 a5 19. axb4 axb4 20. Ra7 Rd8 21. Rh4 c5 22. e4 d4 23. Nc4 Rh8 24. Rf4 g5 25. Rf1 Rhe8 26. e5 f6 27. e6 Ne5 28. Nxe5 fxe5 29. f6+ Kg6 30. f7 1-0

[Event "Mersin op 5th"]
[Site "Mersin"]
[Date "2021.11.19"]
[Round "6"]
[White "Sahin, Taha"]
[Black "Metin, Enis"]
[Result "0-1"]
[WhiteElo "1691"]
[BlackElo "1683"]
[PlyCount "116"]
[EventDate "2021.11.16"]
[EventType "swiss"]
[EventRounds "9"]
[EventCountry "TUR"]
[SourceTitle "EXT 2023"]
[Source "ChessBase"]
[SourceDate "2022.10.05"]
[SourceVersion "1"]
[SourceVersionDate "2022.10.05"]
[SourceQuality "1"]

1. e4 c5 2. Nf3 d6 3. d4 cxd4 4. Nxd4 Nf6 5. Nc3 g6 6. Be3 Bg7 7. f3 Nc6 8. Qd2 0-0 9. g4 Nxd4 10. Bxd4 Be6 11. 0-0-0 Qa5 12. a3 Rab8 13. h4 b5 14. Nd5 Qxd2+ 15. Rxd2 Bxd5 16. exd5 a5 17. Kb1 Nd7 18. Bxg7 Kxg7 19. g5 b4 20. a4 Nb6 21. b3 Rbc8 22. f4 Rc3 23. Bg2 Rg3 24. h5 f6 25. Re2 fxg5 26. fxg5 Rxg5 27. hxg6 hxg6 28. Rxe7+ Rf7 29. Re2 Nxd5 30. Bxd5 Rxd5 31. Reh2 Rdf5 32. Rh7+ Kf6 33. Rh8 Ke7 34. Re1+ Re5 35. Rg1 Rg7 36. Ra8 g5 37. Rf1 Ke6 38. Raf8 g4 39. Re8+ Kd5 40. Rd8 Rg6 41. Ra8 g3 42. Rxa5+ Kd4 43. Rd1+ Ke3 44. Ra6 g2 45. Kb2 Rc5 46. Rb6 g1Q 47. Rxg1 Rxg1 48. Rxb4 Rg2 49. Rb6 d5 50. Ka3 Rgxc2 51. Kb4 d4 52. a5 d3 53. a6 Rc6 54. Rxc6 Rxc6 55. Kb5 Rc1 56. Kb6 d2 57. b4 d1Q 58. b5 Qd6+ 0-1

[Event "TUR-chT Clubs"]
[Site "Konya"]
[Date "2019.07.20"]
[Round "8.12"]
[White "Gundogdu, Mustafa Yalin"]
[Black "Metin, Enis"]
[Result "0-1"]
[WhiteElo "1651"]
[BlackElo "1538"]
[PlyCount "146"]
[EventDate "2019.07.16"]
[EventType "team-swiss"]
[EventRounds "9"]
[EventCountry "TUR"]
[SourceTitle "CBM 191 Extra"]
[Source "ChessBase"]
[SourceDate "2019.09.30"]
[SourceVersion "1"]
[SourceVersionDate "2019.09.30"]
[SourceQuality "1"]
[WhiteTeam "Busan Genclik"]
[BlackTeam "Yalova Beyaz Fil"]
[WhiteTeamCountry "TUR"]
[BlackTeamCountry "TUR"]

1. e4 c5 2. Nf3 d6 3. d4 cxd4 4. Nxd4 Nf6 5. Nc3 g6 6. Be3 Bg7 7. Be2 Nc6 8. 0-0 0-0 9. Kh1 Bd7 10. f4 Nxd4 11. Bxd4 Bc6 12. Bf3 Qa5 13. Rb1 e5 14. Be3 Rfe8 15. Re1 Qc7 16. fxe5 dxe5 17. Qe2 a6 18. Rbd1 b5 19. a3 Rad8 20. Qf2 Qb7 21. Rxd8 Rxd8 22. Bb6 Rd7 23. Bc5 h5 24. Qe2 Ne8 25. g4 hxg4 26. Bxg4 f5 27. Bf3 Nf6 28. b3 fxe4 29. Nxe4 Nxe4 30. Bxe4 Bxe4+ 31. Qxe4 Qxe4+ 32. Rxe4 Rd1+ 33. Bg1 Kf7 34. c4 Ke6 35. cxb5 axb5 36. Rb4 Bf8 37. Rxb5 Bxa3 38. Kg2 Bb2 39. Be3 Kf5 40. Kf3 Rd3 41. Ke2 Ke4 42. Rb4+ Bd4 43. Bxd4 exd4 44. Rb8 Rh3 45. Re8+ Kd5 46. Rd8+ Kc5 47. b4+ Kc4 48. Rc8+ Kxb4 49. Rb8+ Kc4 50. Rc8+ Kd5 51. Rd8+ Ke4 52. Re8+ Kf4 53. Rd8 Ke4 54. Re8+ Kf5 55. Rd8 Rxh2+ 56. Kd3 Rh4 57. Rf8+ Kg5 58. Rf7 Rf4 59. Rg7 Kh4 60. Rh7+ Kg4 61. Rd7 g5 62. Ke2 Kg3 63. Ke1 Kf3 64. Rd8 g4 65. Kf1 Ke3+ 66. Ke1 d3 67. Re8+ Re4 68. Rf8 g3 69. Rg8 Kf3+ 70. Kd1 Re3 71. Kd2 Kf2 72. Rf8+ Rf3 73. Ra8 g2 0-1